Pápež Lev XII. udeľuje Kalvárii úplné odpustky Vojtech Wick - Dejiny košickej Kalvárie 6. časť

Bibliographic Details
Main Authors: Wick, Vojtech, 1873-1955 (Author), Duchoň, Jozef (Author)
Other Authors: Duchoňová, Alžbeta (Translator)
Format: Article
Language:Slovak
PhysicalDescription:Obr.
ISSN:1336-5320
Subjects:
Online Access:www.korzar.sk

MARC

LEADER 00000nab a2200000 a 4500
001 vtls008945024
003 SK-MaSNL
005 20260303070947.0
008 070212 2007 xo r r 000 0 slo
038 |a KEVKJB 
040 |a KEVKJB  |b slo  |c KEVKJB  |e AACR2 
041 0 |a slo 
044 |a xo  |c SK 
080 |a 908(437.672)  |2 2001 
080 |a 726.54  |2 2001 
100 1 |a Wick, Vojtech,  |d 1873-1955  |4 aut  |9 196998 
245 1 0 |a Pápež Lev XII. udeľuje Kalvárii úplné odpustky  |b Vojtech Wick - Dejiny košickej Kalvárie  |p 6. časť  |c Vojtech Wick, Jozef Duchoň ; preklad Alžbeta Duchoňová 
300 |b Obr. 
600 1 7 |a Wick, Vojtech,  |d 1873-1955  |t Dejiny košickej kalvárie  |2 kevkjb  |9 196994 
650 0 7 |a kostoly  |z Košice (Slovensko)  |2 kevkjb  |9 81676 
651 7 |a Košice (Slovensko)  |2 kevkjb  |9 18694 
651 7 |a Kalvária (Košice, Slovensko)  |2 kevkjb  |9 29573 
700 1 |a Duchoň, Jozef  |4 aut  |9 317656 
700 1 |a Duchoňová, Alžbeta  |4 trl  |9 883336 
773 0 |t Košický večer  |g Roč. 18(39), č. 6 (9.2.2007), s. 9  |x 1336-5320 
852 |a KEVKJB  |b KIS3GCP 
856 4 1 |u www.korzar.sk 
999 |c 1757718  |d 1759648